The book of palmestry and physiognomy being brief introductions, both natural, pleasant, and delectable, unto the art of chiromancy, or manual divination, and physiognomy; with circumstances upon the faces of the signs. Also, canons or rules upon diseases or sicknesses. Whereunto is also annexed, as well the artificial as natural astrology, with the nature of the planets. Written in Latine by John Indagine Priest, and translated into English by Fabian Withers.

Bibliographic Details
Main Author: Indagine, Johannes ab, d. 1537
Other Authors: Withers, Fabian
Format: eBook
Language:English
Published: London : Printed by A.P. for T. Passinger,and are to be sold by J. Clarke, 1676.
Edition:The seventh edition corrected.
Series:Early English books online.
Subjects:
Online Access:Connect to the full text of this electronic book

MARC

Tag First Indicator Second Indicator Subfields
LEADER 00000nam a2200000 4500
001 in00004323613
005 20200812081123.0
006 m g d
007 cr bn |||a|bb|
008 951031s1676 enk o 00| | eng d
035 |a (UnM)99831897 
037 |a CL0037000067  |b ProQuest Information and Learning. 300 N. Zeeb Rd., Ann Arbor, MI 48106 
040 |a Cu-RivES  |c Cu-RivES  |d CStRLIN  |e dcrb  |d WaOLN 
100 1 |a Indagine, Johannes ab,  |d d. 1537. 
240 1 0 |a Chiromantia.  |l English 
245 1 4 |a The book of palmestry and physiognomy  |b being brief introductions, both natural, pleasant, and delectable, unto the art of chiromancy, or manual divination, and physiognomy; with circumstances upon the faces of the signs. Also, canons or rules upon diseases or sicknesses. Whereunto is also annexed, as well the artificial as natural astrology, with the nature of the planets. Written in Latine by John Indagine Priest, and translated into English by Fabian Withers. 
250 |a The seventh edition corrected. 
260 |a London :  |b Printed by A.P. for T. Passinger,and are to be sold by J. Clarke,  |c 1676. 
300 |a 1 online resource ([228] pages :  |b illustrations. 
336 |a text  |b txt  |2 rdacontent 
337 |a computer  |b c  |2 rdamedia 
338 |a online resource  |b cr  |2 rdacarrier 
500 |a Translation of Chiromantia. 
500 |a With a cut of a coat of arms opposite the title page and many cuts illustrating the text. 
500 |a With a final leaf of advertisement. 
500 |a Signatures: A-O. 
500 |a Reproduction of the original in the British Library. 
510 4 |a Wing (2nd edition)  |c I143. 
533 |a Electronic reproduction.  |b Ann Arbor, Mich. :  |c UMI,  |d 1999-  |f (Early English books online)  |n Digital version of: (Early English books, 1641-1700 ; 1779:14)  |7 s1999 miun s 
650 0 |a Palmistry  |v Early works to 1800. 
650 0 |a Physiognomy  |v Early works to 1800. 
650 0 |a Astrology  |v Early works to 1800. 
700 1 |a Withers, Fabian. 
830 0 |a Early English books online. 
856 4 0 |u http://proxy.library.tamu.edu/login?url=https://search.proquest.com/docview/2240941975  |z Connect to the full text of this electronic book  |t 0 
999 f f |s 40fbdda0-ff53-38de-9b3a-3faf1ecbeb79  |i 059b6b85-46f9-39ec-ad1e-bae7357eae27  |t 0 
952 f f |a Texas A&M University  |b College Station  |c Electronic Resources  |d Available Online  |t 0  |h No information provided 
998 f f |t 0  |l Available Online